Bible carrying Christians: conservative Protestants and social power
| Main Author: | |
|---|---|
| Format: | Print Book |
| Language: | English |
| Subito Delivery Service: | Order now. |
| Check availability: | HBZ Gateway |
| WorldCat: | WorldCat |
| Interlibrary Loan: | Interlibrary Loan for the Fachinformationsdienste (Specialized Information Services in Germany) |
| Published: |
New York Oxford [u.a.]
Oxford University Press
2002
|
| In: | Year: 2002 |
| Reviews: | [Rezension von: Watt, David Harrington, Bible-Carrying Christians: Conservative Protestants and Social Power] (2004) (Ronan, Marian)
|
| Standardized Subjects / Keyword chains: | B
Pennsylvania
/ Conservatism
/ Protestantism
B Philadelphia, Pa. / Evangelical movement / Bible reading / Power |
| Further subjects: | B
Conservatism Religious aspects Christianity
B Christianity and politics Pennsylvania Philadelphia B Protestants United States B Power (Social sciences) United States B Protestant churches Pennsylvania Philadelphia B Conservatism Religious aspects Christianity |
| Online Access: |
Table of Contents |
| Parallel Edition: | Electronic
|
| Sammlungen: |
MARC
| LEADER | 00000cam a2200000 c 4500 | ||
|---|---|---|---|
| 001 | 327908378 | ||
| 003 | DE-627 | ||
| 005 | 20251222220215.0 | ||
| 007 | tu | ||
| 008 | 010410s2002 xxk||||| 00| ||eng c | ||
| 010 | |a 200102158 | ||
| 016 | 7 | |a bA1V0800 |2 UK | |
| 020 | |a 0195068343 |9 0-19-506834-3 | ||
| 024 | 3 | |a 9780195068344 | |
| 035 | |a (DE-627)327908378 | ||
| 035 | |a (DE-576)099489155 | ||
| 035 | |a (DE-599)GBV327908378 | ||
| 035 | |a (OCoLC)248143506 | ||
| 035 | |a (OCoLC)46565022 | ||
| 035 | |a (AT-OBV)AC05690736 | ||
| 040 | |a DE-627 |b ger |c DE-627 |e rakwb | ||
| 041 | |a eng | ||
| 044 | |c XA-GB |c XD-US |c XA-DK | ||
| 050 | 0 | |a BR560.P5 | |
| 082 | 0 | |a 306.6/804/0973 | |
| 082 | 0 | |a 306.6804 | |
| 082 | 0 | |a 306.68040973 | |
| 084 | |a 7,26 |2 ssgn | ||
| 084 | |a 1 |2 ssgn | ||
| 084 | |a BG 9710 |2 rvk |0 (DE-625)rvk/11421: | ||
| 084 | |a MG 70270 |2 rvk |0 (DE-625)rvk/122860:12072 | ||
| 084 | |a BO 1240 |2 rvk |0 (DE-625)rvk/13931: | ||
| 084 | |a 11.05 |2 bkl | ||
| 084 | |a 11.55 |2 bkl | ||
| 084 | |a 15.87 |2 bkl | ||
| 100 | 1 | |0 (DE-588)1067349111 |0 (DE-627)818656190 |0 (DE-576)426588924 |4 aut |a Watt, David Harrington |d 1957- | |
| 109 | |a Watt, David Harrington 1957- |a Harrington Watt, David 1957- |a Watt, David H. 1957- | ||
| 191 | |a 1 | ||
| 245 | 1 | 0 | |a Bible carrying Christians |b conservative Protestants and social power |c David Harrington Watt |
| 263 | |a : £25.00 : CIP entry (Jan.) | ||
| 264 | 1 | |a New York |a Oxford [u.a.] |b Oxford University Press |c 2002 | |
| 300 | |a VIII, 165 S | ||
| 336 | |a Text |b txt |2 rdacontent | ||
| 337 | |a ohne Hilfsmittel zu benutzen |b n |2 rdamedia | ||
| 338 | |a Band |b nc |2 rdacarrier | ||
| 500 | |a Includes index. - Bibliography | ||
| 505 | 8 | |a Literaturverz. S. 147 - 160 | |
| 583 | 1 | |a Archivierung prüfen |c 20200919 |f DE-640 |z 1 |2 pdager | |
| 583 | 1 | |a Archivierung/Langzeitarchivierung gewährleistet |f SSG |x XA-DE-BW |2 pdager |5 DE-21 | |
| 583 | 1 | |a Archivierung prüfen |c 20240324 |f DE-4165 |z 1 |2 pdager | |
| 601 | |a Protestant | ||
| 650 | 0 | |a Protestants |x United States | |
| 650 | 0 | |a Conservatism |x Religious aspects |x Christianity | |
| 650 | 0 | |a Power (Social sciences) |x United States | |
| 653 | 0 | |a Christianity and politics |a Pennsylvania |a Philadelphia | |
| 653 | 0 | |a Protestant churches |a Pennsylvania |a Philadelphia | |
| 653 | 0 | |a Conservatism |a Religious aspects |a Christianity | |
| 689 | 0 | 0 | |d g |0 (DE-588)4045103-3 |0 (DE-627)106202871 |0 (DE-576)209063882 |2 gnd |a Pennsylvania |
| 689 | 0 | 1 | |d s |0 (DE-588)4032187-3 |0 (DE-627)104483873 |0 (DE-576)208995951 |2 gnd |a Konservativismus |
| 689 | 0 | 2 | |d s |0 (DE-588)4047538-4 |0 (DE-627)106194321 |0 (DE-576)20907387X |2 gnd |a Protestantismus |
| 689 | 0 | |5 DE-101 | |
| 689 | 1 | 0 | |d g |0 (DE-588)4103331-0 |0 (DE-627)105912204 |0 (DE-576)209387076 |2 gnd |a Philadelphia, Pa. |
| 689 | 1 | 1 | |d s |0 (DE-588)4153245-4 |0 (DE-627)105532347 |0 (DE-576)209801883 |2 gnd |a Evangelikale Bewegung |
| 689 | 1 | 2 | |d s |0 (DE-588)4137569-5 |0 (DE-627)104180617 |0 (DE-576)209678739 |2 gnd |a Bibellektüre |
| 689 | 1 | 3 | |d s |0 (DE-588)4036824-5 |0 (DE-627)104637269 |0 (DE-576)209020679 |2 gnd |a Macht |
| 689 | 1 | |5 (DE-627) | |
| 776 | 0 | 8 | |i Erscheint auch als |n Online-Ausgabe |a Watt, David Harrington, 1957 - |t Bible carrying Christians |d Oxford : Oxford University Press, 2002 |h 1 online resource (viii, 165 p.) |w (DE-627)1656709856 |w (DE-576)46963779X |z 9780199834822 |z 0199834822 |k Electronic |
| 787 | 0 | 8 | |i Rezensiert in |a Ronan, Marian |t [Rezension von: Watt, David Harrington, Bible-Carrying Christians: Conservative Protestants and Social Power] |d 2004 |w (DE-627)1812975287 |
| 856 | 4 | 2 | |u http://www.gbv.de/dms/hbz/toc/ht013245378.pdf |m V:DE-605 |q pdf/application |v 2008-11-15 |x Verlag |y Inhaltsverzeichnis |3 Inhaltsverzeichnis |7 1 |
| 935 | |a mteo |a JALB | ||
| 935 | |i Blocktest | ||
| 936 | r | v | |a BG 9710 |b Erweckungsbewegungen |k Theologie und Religionswissenschaften |k Fundamentaltheologie |k Kirche und Kirchen |k Freikirchen, sog. Sekten , (Neue) Religiöse Bewegungen |k Erweckungsbewegungen |0 (DE-627)1270724185 |0 (DE-625)rvk/11421: |0 (DE-576)200724185 |
| 936 | r | v | |a MG 70270 |b Religionen (Staat und Religionen) |k Politologie |k Politische Systeme einzelner Länder |k Europa, Nordamerika |k Nordamerika |k USA |k Interessenverbände, politische Gruppen |k Religionen (Staat und Religionen) |0 (DE-627)1271591340 |0 (DE-625)rvk/122860:12072 |0 (DE-576)201591340 |
| 936 | r | v | |a BO 1240 |b Einzelne Länder |k Theologie und Religionswissenschaften |k Patrologie und Kirchengeschichte |k Hand- und Lehrbücher sowie Gesamtdarstellungen |k Einzelne Länder |0 (DE-627)1270658816 |0 (DE-625)rvk/13931: |0 (DE-576)200658816 |
| 936 | r | u | |a BP 7590 |b Spiritualistische Gruppen |k Theologie und Religionswissenschaften |k Evangelische Kirchengeschichte |k Freikirchen und Sondergruppen |k Spiritualistische Gruppen |0 (DE-627)1272617661 |0 (DE-576)202617661 |z Ungueltig |
| 936 | b | k | |a 11.05 |j Religionssoziologie |0 (DE-627)106404202 |
| 936 | b | k | |a 11.55 |j Protestantismus |0 (DE-627)106403907 |
| 936 | b | k | |a 15.87 |j USA |x Geschichte |0 (DE-627)181569760 |
| 951 | |a BO | ||
| ELC | |b 1 | ||
| ITA | |a 1 |t 1 | ||
| LOK | |0 000 xxxxxcx a22 zn 4500 | ||
| LOK | |0 001 3265354032 | ||
| LOK | |0 003 DE-627 | ||
| LOK | |0 004 327908378 | ||
| LOK | |0 005 20020625000000 | ||
| LOK | |0 008 020625||||||||||||||||ger||||||| | ||
| LOK | |0 040 |a DE-21 |c DE-627 |d DE-21 | ||
| LOK | |0 852 |a DE-21 | ||
| LOK | |0 852 1 |c 42 A 5643 |9 00 | ||
| LOK | |0 935 |a theo | ||
| LOK | |0 936ln |a t4.13 | ||
| LOK | |0 939 |a 25-06-02 |b l01 | ||
| LOK | |0 000 xxxxxcx a22 zn 4500 | ||
| LOK | |0 001 4576384805 | ||
| LOK | |0 003 DE-627 | ||
| LOK | |0 004 327908378 | ||
| LOK | |0 005 20240905110114 | ||
| LOK | |0 008 240905||||||||||||||||ger||||||| | ||
| LOK | |0 040 |a DE-Tue135 |c DE-627 |d DE-Tue135 | ||
| LOK | |0 092 |o n | ||
| LOK | |0 852 |a DE-Tue135 | ||
| LOK | |0 852 1 |9 00 | ||
| LOK | |0 866 |x SPQUE#Johannes a Lasco Bibliothek | ||
| LOK | |0 935 |a JALB | ||
| LOK | |0 939 |a 05-09-24 |b l01 | ||
| ORI | |a SA-MARC-ixtheoa001.raw | ||
| REL | |a 1 | ||
| STA | 0 | 0 | |a Bible reading,Conservatism,Neo-conservatism,Evangelical movement,Pennsylvania,Pennsylvania,Pennsylvania,Western Pennsylvania,Eastern Pennsylvania,Southwestern Pennsylvania,Power,Power,Political power,Social power,Social influence,Protestantism,Protestantism |
| STB | 0 | 0 | |a Conservatisme,Lecture biblique,Mouvement évangélique,Pouvoir,Pouvoir,Puissance,Puissance,Puissance (motif),Puissance,Protestantisme,Protestantisme |
| STC | 0 | 0 | |a Conservacionismo,Lectura bíblica,Movimiento evangelical,Poder,Poder,Protestantismo,Protestantismo |
| STD | 0 | 0 | |a Conservatorismo,Lettura della Bibbia,Movimento evangelicale,Potere,Potere,Protestantesimo,Protestantesimo |
| STE | 0 | 0 | |a 保守主义,基督新教,基督新教,抗罗宗,更正教,抗罗宗,更正教,权力,权力,权,权,福音派运动,福音派,读经 |
| STF | 0 | 0 | |a 保守主義,基督新教,基督新教,抗羅宗,更正教,抗羅宗,更正教,權力,權力,權,權,福音派運動,福音派,讀經 |
| STG | 0 | 0 | |a Conservacionismo,Leitura bíblica,Movimento evangelical,Poder,Poder,Protestantismo,Protestantismo |
| STH | 0 | 0 | |a Власть (мотив),Власть,Евангельское движение,Консерватизм,Протестантизм,Протестантизм,Протестантство,Протестантство (мотив),Чтение Библии,Изучение Библии |
| STI | 0 | 0 | |a Βιβλική μελέτη,Εξουσία <μοτίβο>,Εξουσία,Δύναμη,Δύναμη (μοτίβο),Ευαγγελικό κίνημα,Προτεσταντισμός (μοτίβο),Προτεσταντισμός,Συντηρητισμός |
| SUB | |a REL | ||
| SYG | 0 | 0 | |a Pennsylvania,Commonwealth of Pennsylvania,Pennsylvanien,Pa.,PA,Commonwealth of Pennsylvania,Pensilvania , Konservatismus,Neokonservativismus,Neokonservatismus , Protestantism,Calvinismus,Evangelicalism,Evangelismus,Hugenotten,Lutheraner,Mennoniten,Pietismus,Puritans , Philadelphia, Pennsylvania,Philadelphie, Pa.,Greater Philadelphia, Pa.,Greater Philadelphia, Pennsylvania,City of Philadelphia,Filadelfija,Germantown , Evangelikalismus , Bibellesen,Bibelstudium , Politische Macht,Soziale Macht,Sozialer Einfluss |



